| 000 | 00756nam a22002297a 4500 | ||
|---|---|---|---|
| 999 |
_c15866 _d15866 |
||
| 003 | AR-CdUCM | ||
| 008 | 190327b ||||| |||| 00| 0 spa d | ||
| 040 |
_aMUNICIPALIDAD PROVINCIAL DEL CUSCO _cBIBLIOTECA MUNICIPAL DEL CUSCO |
||
| 082 |
_a869.56 / _bV76 |
||
| 100 |
_aVitali, Pablo _925446 |
||
| 245 | _aMemorias de un triciclista / | ||
| 260 |
_aLima : _bCausachun, _c1973. |
||
| 300 |
_a118 paginas ; _bIlustraciones, _c17 cm. |
||
| 440 |
_aColección poesía _935066 |
||
| 500 | _a | ||
| 505 | _aContenido : Pablo Vitali en 4 letras por Antonio Cisneros -- Tuve que ser -- Notas criticas a: Tuve que ser ... | ||
| 650 |
_aLiteratura _983 |
||
| 650 |
_aPeru _9429 |
||
| 650 |
_aSigloXX _92896 |
||
| 942 |
_2ddc _cLIBROS |
||
| 945 |
_arah _d30/04/2019 |
||